Сержант у снігах (Запис № 461129)

МАРК-запис
000 -Лідер
fixed length control field 02952 a2200265 4500
003 - Ідентифікатор контрольного номера
control field UA-OsUOA
005 - Дата та час останнього входження (трансакції)
control field 20200909145609.0
008 - Елементи даних фіксованої довжини – загальна інформація
fixed length control field 200826b un ||||| |||| 00| 0 ukr d
020 ## - Міжнародний стандартний книжковий номер (ISBN)
Міжнародний стандартний книжковий номер (ISBN) (НП) 9786177023523
040 ## - Джерело каталогізації
Агенція оригінальної каталогізації UA-OsUOA
Мова каталогізації ukr
Агенція, яка здійснювала перезапис UA-OsUOA
Агенція, яка здійснювала модифікацію UA-OsUOA
041 ## - Код мови
Код мови тексту/ звукової доріжки чи окремого заголовка (П) ukr
080 ## - Індекс Універсальної десяткової класифікації
Індекс Універсальної десяткової класифікації (УДК) (НП) 821.161.2(450)
090 ## - Локальний шифр розміщення
Класифікаційний індекс УДК 821.161.2(450)
Авторський знак (НП) Р 49
100 ## - Основне введення – ім’я особи
Ім’я особи (НП) Рігоні-Стерн М.
245 ## - Відомості про назву
Назва (НП) Сержант у снігах
Дані про відповідальність (НП) Маріо Рігоні-Стерн ; пер. з італ. А. Омельянюка
246 ## - Інша форма назви
Назва (НП) Il sergente nella neve
260 ## - Публікація, розповсюдження і т.п. (Вихідні дані)
Ім’я/ наймення видавництва, розповсюджувача і т.п. (П) Кліо
Дата публікації, розповсюдження і т.п. (П) 2016
Місце публікації, розповсюдження і т.п. (П) Київ
300 ## - Фізичний опис
Обсяг 256 с.
520 ## - Резюме і т.п.
Резюме, реферат, анотація, тощо (НП) Участь італійських військ на стороні гітлерівської Німеччини у війні проти СРСР – лише один з епізодів такого глобального конфлікту, яким була Друга світова війна, де зійшлись у смертельному герці мільйони людей і десятки країн. Але і для Італії, і для України цей епізод був дуже показовим і певною мірою унікальним навіть у масштабах світової історії. Адже чи не вперше загарбники і населення окупованих територій поставились одне до одного не з ворожістю і ненавистю, а з симпатією і взаємоповагою – аж до порятунку життя формальних «ворогів». У цій книзі допитливий читач отримає вичерпну інформацію про цю сповнену драматизму і гуманності сторінку історії, описану в науково-популярних нарисах провідних спеціалістів з даного питання Марії-Терези Джусті (Італія) та Олександра Потильчака (Україна). А ще – стане свідком розгрому і подальшого відступу італійських військ разом з героєм документальної повісті «Сержант у снігах» видатного письменника Маріо Ріґоні-Стерна, яка стала класикою військової мемуаристики і вперше публікується у перекладі українською мовою.<br/><br/>
650 ## - Додаткове предметне введення – тематичний термін
Джерело заголовка чи терміна UDC
Тематичний термін чи географічна назва, як елемент введення (НП) 821 Художня література окремими мовами і мовними сім'ями
700 1# - Додаткове введення – ім'я особи
Ім’я особи (НП) Омельянюк А.
Термін відношення перекладач
942 ## - Додаткові елементи входу (Коха)
Тип елемента Koha Книги
Source of classification or shelving scheme Universal Decimal Classification
955 ## - Код типу видання за змістом
Код типу видання за змістом (НП) Літературно-художні видання
Фонди
Стан вилучень Стан втрат Джерело класифікації або схеми стелажів Стан уражень Не для кредиту Код колекції Постійне місце розташування Поточне розміщення Дата придбання Джерело придбання Вартість, звичайна ціна покупки Усього замовленно Повний номер виклику Штрих-код Дата останнього перегляду Вартість, ціна заміни Ціна ефективна від Тип елемента Koha
    Universal Decimal Classification     Колекція Жулинського М.Г. ЧЗ - Читальна зала ЧЗ - Читальна зала 26/08/2020 №13/24.06.20 65.00   821.161.2(450) Р 49 162742 06/02/2022 65.00 26/08/2020 Книги